000 00496nam a22001457a 4500
003 ASAB
005 20180827062830.0
008 180509t xxu||||| |||| 00| 0 eng d
040 _cASAB
100 _aBushra Mumtaz-sup-Dr. Njam-us-sahar Zaidi
_93812
245 _aTH-MS-Cloning of Human D (RHD) Antige n and its Expression in the Prokaryotic Expression System
_cBushra Mumtaz-sup-Dr. Njam-us-sahar Zaidi
260 _aIslamabad
_bASAB (NVCI)
_c2011
300 _axviii, 95 P
942 _2ddc
_cTH
999 _c480805
_d480805